Faust [ (Record no. 169017)

MARC details
000 -LEADER
campo de control de longitud fija 00769nam a22002175i 4500
001 - NÚMERO DE CONTROL
campo de control 169017
003 - IDENTIFICADOR DE NÚMERO DE CONTROL
campo de control ES-MaACL
005 - FECHA Y HORA DE LA ÚLTIMA TRANSACCIÓN
campo de control 20250718081355.0
008 - DATOS DE LONGITUD FIJA--INFORMACIÓN GENERAL
campo de control de longitud fija 080728s1869 fr |||| | fre d
080 ## - NÚMERO DE LA CLASIFICACIÓN DECIMAL UNIVERSAL
Número de la Clasificación Decimal Universal 782.089.6
100 1# - ENTRADA PRINCIPAL--NOMBRE DE PERSONA
Nombre de persona Gounod, Charles,
Fechas asociadas al nombre 1818-1893
9 (RLIN) 240526
245 10 - MENCIÓN DEL TÍTULO
Título Faust [
Medio música impresa]
Resto del título : opéra en 5 actes /
Mención de responsabilidad, etc. de J. Barbier et M. Carré ; musique de Ch. Gounod.
250 ## - MENCION DE EDICION
Mención de edición 4e. ed.
260 ## - PUBLICACIÓN, DISTRIBUCIÓN, ETC.
Lugar de publicación, distribución, etc. Paris :
Nombre del editor, distribuidor, etc. Choudens Père & Fils,
Fecha de publicación, distribución, etc. [1869]
300 ## - DESCRIPCIÓN FÍSICA
Extensión 1 partitura vocal (267 p.) ;
Dimensiones 28 cm.
650 14 - PUNTO DE ACCESO ADICIONAL DE MATERIA--TÉRMINO DE MATERIA
Término de materia o nombre geográfico como elemento de entrada Óperas-
Subdivisión general Partituras vocales.
9 (RLIN) 137997
700 1# - ENTRADA AGREGADA--NOMBRE PERSONAL
Nombre de persona Barbier, Jean.
9 (RLIN) 25455
700 1# - ENTRADA AGREGADA--NOMBRE PERSONAL
Nombre de persona Carré, Michel.
9 (RLIN) 138040
852 4# - LOCALIZACIÓN
Ubicación ES-MaACL
Número de control de estantería L-29295
itemnumber R.143681
Nota libre Biblioteca Jacinto Martínez Lacalle
Holdings
Estatus retirado Estado de pérdida Fuente del sistema de clasificación o colocación Estado de daño No para préstamo Colección Biblioteca de origen Biblioteca actual Ubicación en estantería Fecha de adquisición Total de préstamos Signatura topográfica completa Código de barras Visto por última vez Precio de reemplazo Tipo de ítem Koha
    Clasificación decimal universal     Libros del s. XIX Biblioteca del Ateneo de Madrid Biblioteca del Ateneo de Madrid Depósito 2 28/07/2008   L-29295 1177392 23/02/2023 23/02/2023 Partitura